<?xml version="1.0" encoding="UTF-8"?>
<record
    xmlns:xsi="http://www.w3.org/2001/XMLSchema-instance"
    xsi:schemaLocation="http://www.loc.gov/MARC21/slim http://www.loc.gov/standards/marcxml/schema/MARC21slim.xsd"
    xmlns="http://www.loc.gov/MARC21/slim">

  <leader>00789nam a22001457a 4500</leader>
  <datafield tag="999" ind1=" " ind2=" ">
    <subfield code="c">530059</subfield>
    <subfield code="d">530059</subfield>
  </datafield>
  <controlfield tag="008">250526b           ||||| |||| 00| 0 eng d</controlfield>
  <datafield tag="100" ind1=" " ind2=" ">
    <subfield code="a">Zilber, Tammar B. </subfield>
    <subfield code="9">53703</subfield>
  </datafield>
  <datafield tag="245" ind1=" " ind2=" ">
    <subfield code="a"> Michel Anteby. The Interloper: Lessons from resistance in the field</subfield>
  </datafield>
  <datafield tag="260" ind1=" " ind2=" ">
    <subfield code="a">Administrative Science Quarterly  </subfield>
  </datafield>
  <datafield tag="300" ind1=" " ind2=" ">
    <subfield code="a">70(1), Mar, 2025: p.N5-N8</subfield>
  </datafield>
  <datafield tag="520" ind1=" " ind2=" ">
    <subfield code="a">Haedicke M. A., Hallett T. 2015 &#x201C;How to look two ways at once: Research strategies for inhabited institutionalism.&#x201D; In Elsbach K. D., Kramer R. M. (eds.), Handbook of Qualitative Organizational Research: Innovative Pathways and Methods: 99&#x2013;111. Routledge.- Reproduced 

https://journals.sagepub.com/doi/full/10.1177/00018392241279850
</subfield>
  </datafield>
  <datafield tag="773" ind1=" " ind2=" ">
    <subfield code="a">Administrative Science Quarterly  </subfield>
  </datafield>
  <datafield tag="906" ind1=" " ind2=" ">
    <subfield code="a">BOOK REVIEW </subfield>
  </datafield>
  <datafield tag="942" ind1=" " ind2=" ">
    <subfield code="c">AR</subfield>
  </datafield>
  <datafield tag="952" ind1=" " ind2=" ">
    <subfield code="0">0</subfield>
    <subfield code="1">0</subfield>
    <subfield code="2">ddc</subfield>
    <subfield code="4">0</subfield>
    <subfield code="7">0</subfield>
    <subfield code="9">405256</subfield>
    <subfield code="a">IIPA</subfield>
    <subfield code="b">IIPA</subfield>
    <subfield code="d">2025-05-26</subfield>
    <subfield code="h">70(1), Mar, 2025: p.N5-N8</subfield>
    <subfield code="p">AR135888</subfield>
    <subfield code="r">2025-05-26</subfield>
    <subfield code="y">AR</subfield>
  </datafield>
</record>
